书目信息 |
| 题名: |
锅炉设备运行复习题与题解
|
|
| 作者: | 白国亮 主编 ;火力发电职业技能培训教材编委会 编著 | |
| 分册: | ||
| 出版信息: | 北京 中国电力出版社 2006.11 |
|
| 页数: | 230页 | |
| 开本: | 20cm | |
| 丛书名: | 火力发电职业技能培训教材 | |
| 单 册: | ||
| 中图分类: | TM621.2-44 | |
| 科图分类: | ||
| 主题词: | 火电厂--huo dian chang--锅炉运行--技术培训--习题 | |
| 电子资源: | ||
| ISBN: | 978-7-5083-4550-5 | |
| 000 | 01325nam 2200277 450 | |
| 001 | 012007536647 | |
| 005 | 20071227081220.40 | |
| 010 | @a978-7-5083-4550-5@dCNY15.00 | |
| 100 | @a20071226d2006 km y0chiy0120 ea | |
| 101 | 0 | @achi |
| 102 | @aCN@b110000 | |
| 105 | @aa a 000yy | |
| 106 | @ar | |
| 200 | 1 | @a锅炉设备运行复习题与题解@Aguo lu she bei yun xing fu xi ti yu ti jie@f白国亮主编@Fbai guo liang zhu bian@g《火力发电职业技能培训教材》编委会编著@G《huo li fa dian zhi ye ji neng pei xun jiao cai》bian wei hui bian zhu |
| 210 | @a北京@c中国电力出版社@d2006.11 | |
| 215 | @a230页@c图@d20cm | |
| 225 | 2 | @a火力发电职业技能培训教材@Ahuo li fa dian zhi ye ji neng pei xun jiao cai@e复习题与题解 |
| 320 | @a有书目 (第230页)。 | |
| 330 | @a本书包括锅炉值班员、除灰值班员、电除尘值班员等工种的培训,主要内容针对以上工种在实际工作中的日常监视、维护、正常的设备操作和设备发生异常及事故处理时的判断、处理进行编写,以帮助学员进一步巩固所学的知识。 | |
| 410 | 0 | @12001 @a火力发电职业技能培训教材 |
| 606 | 0 | @a火电厂@Ahuo dian chang@x锅炉运行@x技术培训@j习题 |
| 690 | @aTM621.2-44@v4 | |
| 701 | 0 | @a白国亮@Abai guo liang@4主编 |
| 712 | 02 | @a火力发电职业技能培训教材编委会@Ahuo li fa dian zhi ye ji neng pei xun jiao cai bian wei hui@4编著 |
| 801 | 0 | @aCN@bQSSK@c20071227 |
| 905 | @b272376-78@dTM621.2-44@eB123@f3 | |
| 锅炉设备运行复习题与题解/白国亮主编/《火力发电职业技能培训教材》编委会编著.-北京:中国电力出版社,2006.11 |
| 230页:图;20cm.-(火力发电职业技能培训教材:复习题与题解) |
| ISBN 978-7-5083-4550-5:CNY15.00 |
| 本书包括锅炉值班员、除灰值班员、电除尘值班员等工种的培训,主要内容针对以上工种在实际工作中的日常监视、维护、正常的设备操作和设备发生异常及事故处理时的判断、处理进行编写,以帮助学员进一步巩固所学的知识。 |
| ● |
| 相关链接 |
|
|
|
正题名:锅炉设备运行复习题与题解
索取号:TM621.2-44/B123
 
预约/预借
| 序号 | 登录号 | 条形码 | 馆藏地/架位号 | 状态 | 备注 |
| 1 | 272376 | 202723767 | 自科库301/301自科库 15排2列2层/ [索取号:TM621.2-44/B123] | 在馆 | |
| 2 | 272377 | 202723776 | 期刊室512/301自科库 10排4列2层/ [索取号:TM621.2-44/B123] | 在馆 | |
| 3 | 272378 | 202723785 | 期刊室512/301自科库 10排4列2层/ [索取号:TM621.2-44/B123] | 在馆 |